000 00959cad a22002175a 4500
001 E128517
008 050113s2005 xxk 000 0 eng u
020 _a1842192191
035 _a(Sirsi) u128517
041 _aeng
100 1 _aHendershott, Pat
245 _aInvestor rationality
_bevidence from Uk property capitalization rates
_h[electronic resource]
260 _aLondon
_bRICS
_c2005
490 0 _aRICS Findings in Built and Rural Environments
520 _aSuggests that it is possible to develop a model that links property capitalisation rates to both expected future real rental growth and to the stock market (both the current dividend-price ratio and expected future real dividend growth).
651 4 _aInternational
690 _aPROPERTY-PROPERTY FINANCE AND INVESTMENT
700 1 _aMacGregor, Bryan
856 4 0 _uhttps://www.rics.org/site/download_feed.aspx?fileID=3470&fileExtension=PDF
_zBroken link - not available
942 _n0
999 _c103948
_d103948